1784 1300 1756 1728 1700 1902 1346 1522 1393 1340 1265 1032 1228 1378 1226 1964 1234 1973 1199 1194 1018 1953 1177 1873 1146 1276 1701 1267 1695 1644 1575 1932 1872 1799 1605 1970 1088 1987 1395 1837 1071 1954 1421 1703 1866 1036 1955 1250 1873 1898 1042 1100 1789 1397 1947 1727 1346 1791 1900 1884 1840 1205 1889 1622 1505 1238 1387 1679 1426 1360 1311 1390 1766 1425 1674 1430 1229 1308 1092 1879 1450 1145 1456 1012 1901 1254 1460 1869 1824 1892 1603 1010 1958 1950 1249 1648 1946 1535 1617 BCNSPRNW ULIB Ver.6.0+V

เปลี่ยนเป็นภาษาไทย

Change to English
 แสดงรายละเอียดบรรณานุกรม
  กลับหน้าหลัก

Brief Record : Get Marc (ISO 2709) : E-mail record : QR code < ปิดหน้าต่าง
LEADER : 00000nam 2200000uu 4500
001    13399123570
003     ULIB
008    141010s2550||||th 000 0 tha d
020    9789748072784
099    นว^bส988บ
100 0  โสภี พรรณราย
245 00 บุษบาเร่รัก^c โสภี พรรณราย
260    กรุงเทพ :^bbeauty,^c2550
945    ^p260^l0^i021033
999    ^aเกษร โพธิ์สุวรรณ
รายการนี้ยังไม่มีแท็ก
คุณยังไม่ได้ล็อกอิน คุณสามารถมีกิจกรรมร่วมกับเว็บไซต์ได้ แต่ต้องล็อกอินก่อน ::
  ล็อกอิน

รายการสื่อสารสนเทศ

ลำดับที่ ประเภท เลขเรียก/บาร์โค้ด สถานที่ สถานะ
1. นวนิยาย
นวนิยาย
นว ส988บ ฉ.1 
  Barcode: 021033
ห้องสมุดวิทยาเขตสวรรค์ประชารักษ์
►นวนิยาย
บนชั้น
  ขอยืม

รายการใกล้เคียง
    ผู้แต่ง [โสภี พรรณราย]

BibComment


ยังไม่เคยถูกคอมเมนท์

คอมเมนท์ทรัพยากรรายการนี้
  คอมเมนท์: บุษบาเร่รัก โสภี..


 Copyright 2026. Bcnsprnw @Library